| 000 | 00487nam a22001337a 4500 | ||
|---|---|---|---|
| 040 | _cNUST | ||
| 082 | _a220 PRO | ||
| 100 |
_aTaimoor Hassan M. Omer Khanzada Mohsin Ali Syed Arsalan Iftikhar _9119588 |
||
| 110 |
_aSupervisor Kamran Aziz Bhatti Co-Supervisor Dr. Ahmad Rauf Subhani _9119589 |
||
| 245 | _aPR-SOF-2242-Design of Non-Invasive Continuous Glocose Monitoring Device | ||
| 260 |
_aISLAMABAD: _bNUST COLLEGE OF EME, _c2023. |
||
| 650 |
_aDE-ELECT-41 _9119586 |
||
| 942 |
_2ddc _cPR |
||
| 999 |
_c607261 _d607261 |
||